Transformation of santal society: prelude to Jharkhand (Record no. 378136)

000 -LEADER
fixed length control field 00411cam a22001337a 4500
008 - FIXED-LENGTH DATA ELEMENTS--GENERAL INFORMATION
fixed length control field 180718b1993 xxu||||| |||| 00| 0 eng d
020 ## - INTERNATIONAL STANDARD BOOK NUMBER
International Standard Book Number 8185195579
082 ## - DEWEY DECIMAL CLASSIFICATION NUMBER
Classification number BA27x54 M296t
100 ## - MAIN ENTRY--PERSONAL NAME
Personal name Mallick, Samar Kumar
245 ## - TITLE STATEMENT
Title Transformation of santal society: prelude to Jharkhand
Statement of responsibility, etc. by Smar Kumar Mallick
260 ## - PUBLICATION, DISTRIBUTION, ETC.
Place of publication, distribution, etc. Calcutta
Name of publisher, distributor, etc. Minerva
Date of publication, distribution, etc. 1993
300 ## - PHYSICAL DESCRIPTION
Extent 180p.
650 ## - SUBJECT ADDED ENTRY--TOPICAL TERM
Topical term or geographic name entry element Santal (South Asian people) - India
Holdings
Withdrawn status Lost status Damaged status Not for loan Permanent Location Current Location Date acquired Full call number Barcode Date last seen Price effective from Koha item type
        Indian Institute of Public Administration Indian Institute of Public Administration 1996-06-05 BA27x54 M296t 69705 2018-07-21 2018-07-21 Book

Powered by Koha